Benestar social : informe : avaluació de la satisfacció, ajuntaments de la província de Barcelona informe :
Descripción Física:
44 p. : taules, quadres i graf. ; 30 cm
MARC
| LEADER | 00000nam a2200000Ia 4500 | ||
|---|---|---|---|
| 001 | 17374 | ||
| 008 | 160829s2004 xx 000 0 cat d | ||
| 080 | |a FU-52-23 | ||
| 245 | |a Benestar social : |b informe : |b avaluació de la satisfacció, ajuntaments de la província de Barcelona | ||
| 260 | |a [Barcelona] : |b Diputació de Barcelona, |c 2004 | ||
| 300 | |a 44 p. : |b taules, quadres i graf. ; |c 30 cm | ||
| 650 | |a Benestar social |x Avaluació |9 39358 | ||
| 650 | |a Benestar social |x Enquestes |9 39359 | ||
| 901 | |a Arxiu | ||
| 942 | |n 1 | ||
| 952 | |0 0 |1 0 |4 0 |7 1 |9 48974 |a Arxiu |b Arxiu |d 2016-12-01 |h 2004 |o FU-52-23 |p 17374 |r 2016-12-01 00:00:00 |w 2016-12-01 |y ARXIU | ||
| 999 | |c 52809 |d 52809 | ||